[Event "Aeroflot Open 2007"]
[Site "Moscú RUS"]
[Date "2007.02.15"]
[Round "2.16"]
[White "Lysyj, Igor"]
[Black "Sasikiran, Krishnan"]
[Result "1-0"]
[WhiteElo "2576"]
[BlackElo "2700"]
[PlyCount "111"]
[EventDate "2007.02.14"]
[EventType "swiss"]
[EventRounds "9"]
[EventCountry "RUS"]
[Source "lmi"]
[SourceDate "2007.02.13"]

1. d4 Nf6 2. c4 g6 3. Nc3 d5 4. cxd5 Nxd5 5. Na4 Nb6 6. e4 e5 7. Nxb6 axb6 8.
d5 c6 9. Nf3 Bg4 10. Bc4 Bb4+ 11. Kf1 b5 12. Bb3 c5 13. Bh6 c4 14. Bc2 Nd7 15.
a4 Qf6 16. h3 Bxf3 17. Qxf3 Qh4 18. Be3 Bc5 19. g3 Qe7 20. Bh6 Ra6 21. Qg4 Bd4
22. Kg2 b4 23. Bd1 Qc5 24. Qe2 Ke7 25. Rc1 Rc8 26. b3 c3 27. Bc2 Qd6 28. h4 Kd8
29. h5 Kc7 30. Rcf1 Kb8 31. Bc1 Re8 32. hxg6 hxg6 33. Rh7 Qe7 34. Bd3 Rd6 35.
Bb5 Rc8 36. Qf3 Nf6 37. Bg5 Ka7 38. Rhh1 Rb6 39. Bd3 Rd6 40. Bc2 Rcd8 41. Rh7
Re8 42. Rfh1 Bb6 43. Rh8 Bd8 44. Be3+ Bb6 45. Bxb6+ Rxb6 46. Rxe8 Nxe8 47. Qe3
Ka6 48. a5 Rf6 49. Ra1 Qd8 50. Bd3+ b5 51. axb6+ Kb7 52. Ba6+ Kb8 53. Bb5 Qxb6
54. Qxb6+ Rxb6 55. Bxe8 Rb7 56. Kf3 1-0

[Event "Aeroflot Open 2007"]
[Site "Moscú RUS"]
[Date "2007.02.15"]
[Round "2.17"]
[White "Harikrishna, Penteala"]
[Black "Popov, Valerij"]
[Result "0-1"]
[WhiteElo "2673"]
[BlackElo "2590"]
[PlyCount "94"]
[EventDate "2007.02.14"]
[EventType "swiss"]
[EventRounds "9"]
[EventCountry "RUS"]
[Source "lmi"]
[SourceDate "2007.02.13"]

1. d4 d5 2. c4 c6 3. Nc3 Nf6 4. Nf3 dxc4 5. a4 e6 6. e4 Bb4 7. e5 Nd5 8. Bd2 b5
9. axb5 Bxc3 10. bxc3 cxb5 11. Ng5 Nc6 12. h4 f6 13. exf6 Nxf6 14. Be2 O-O 15.
Qb1 a6 16. Bf4 Ra7 17. Rh3 g6 18. Rg3 Kh8 19. Ne4 Nd5 20. Bg5 Qc7 21. h5 e5 22.
hxg6 hxg6 23. Qc1 Bf5 24. Rf3 Rf7 25. Ng3 exd4 26. Nxf5 gxf5 27. Rh3+ Rh7 28.
Bf3 Rxh3 29. gxh3 Ne5 30. Qd1 Nd3+ 31. Kf1 Qh2 32. Bg2 N5f4 33. Qf3 Qxg2+ 34.
Qxg2 Nxg2 35. Bf6+ Kh7 36. Bxd4 Rd7 37. Kxg2 Rxd4 38. cxd4 c3 39. d5 b4 40. d6
Nc5 41. Rc1 a5 42. Kf3 a4 43. Ke3 b3 44. Rxc3 b2 45. Rxc5 b1=Q 46. Rc7+ Kg6 47.
Kd4 a3 0-1

[Event "Aeroflot Open 2007"]
[Site "Moscú RUS"]
[Date "2007.02.15"]
[Round "2.18"]
[White "Alekseev, Evgeny"]
[Black "Nepomniachtchi, Ian"]
[Result "1/2-1/2"]
[WhiteElo "2661"]
[BlackElo "2587"]
[PlyCount "67"]
[EventDate "2007.02.14"]
[EventType "swiss"]
[EventRounds "9"]
[EventCountry "RUS"]
[Source "lmi"]
[SourceDate "2007.02.13"]

1. Nf3 d5 2. d4 c6 3. c4 e6 4. Nc3 Nf6 5. Bg5 h6 6. Bxf6 Qxf6 7. e3 Nd7 8. Bd3
dxc4 9. Bxc4 g6 10. O-O Bg7 11. b4 O-O 12. Qb3 e5 13. Rad1 exd4 14. Nxd4 Ne5
15. Be2 Qh4 16. Qc2 Re8 17. Na4 Ng4 18. h3 Nf6 19. Nc5 Nd5 20. Bc4 Qg5 21. Ne4
Qe5 22. Nc3 Nxc3 23. Qxc3 Be6 24. Bxe6 Rxe6 25. Qb3 Re7 26. Rd2 a5 27. b5 a4
28. Qc4 cxb5 29. Nxb5 Ra5 30. Rb1 Kh7 31. Nd6 b6 32. Nb5 Qf5 33. Rdd1 Rd7 34.
Nd4 1/2-1/2

[Event "Aeroflot Open 2007"]
[Site "Moscú RUS"]
[Date "2007.02.15"]
[Round "2.21"]
[White "Jobava, Baadur"]
[Black "Luther, Thomas"]
[Result "1-0"]
[WhiteElo "2650"]
[BlackElo "2580"]
[PlyCount "81"]
[EventDate "2007.02.14"]
[EventType "swiss"]
[EventRounds "9"]
[EventCountry "RUS"]
[Source "lmi"]
[SourceDate "2007.02.13"]

1. e4 e6 2. d3 d5 3. Nd2 Nf6 4. Ngf3 Be7 5. g3 O-O 6. Bg2 b5 7. O-O a5 8. Re1
b4 9. e5 Ne8 10. Nf1 c5 11. h4 Nc7 12. h5 Nc6 13. a4 bxa3 14. Rxa3 Nb5 15. Ra4
Nbd4 16. N1h2 Bd7 17. c3 Nxf3+ 18. Nxf3 Qb6 19. Rg4 Kh8 20. c4 dxc4 21. dxc4
Rad8 22. Qe2 Bc8 23. h6 g6 24. Bg5 Bb7 25. Qe4 Kg8 26. Qf4 Qxb2 27. Bf6 Qc3 28.
Re3 Qc2 29. Ne1 Rd1 30. Bxc6 Bxc6 31. Bxe7 Qc1 32. Kf1 Rb8 33. Qf6 Rxe1+ 34.
Rxe1 Qxh6 35. Rh4 Qd2 36. Rxh7 Qd3+ 37. Kg1 Kxh7 38. Qxf7+ Kh6 39. Bg5+ Kh5 40.
Qh7+ Kg4 41. Qh4+ 1-0

[Event "Aeroflot Open 2007"]
[Site "Moscú RUS"]
[Date "2007.02.15"]
[Round "2.28"]
[White "Zhou, Jianchao"]
[Black "Bocharov, Dmitry"]
[Result "0-1"]
[WhiteElo "2551"]
[BlackElo "2602"]
[PlyCount "82"]
[EventDate "2007.02.14"]
[EventType "swiss"]
[EventRounds "9"]
[EventCountry "RUS"]
[Source "lmi"]
[SourceDate "2007.02.13"]

1. d4 Nf6 2. c4 e6 3. Nf3 Bb4+ 4. Nbd2 O-O 5. a3 Be7 6. e4 d5 7. e5 Nfd7 8. b4
a5 9. b5 c5 10. Bb2 cxd4 11. Bxd4 Nc5 12. Be2 Nbd7 13. O-O b6 14. cxd5 exd5 15.
Re1 Bb7 16. Qb1 Re8 17. Bd1 Bf8 18. Bc2 g6 19. a4 Rc8 20. Qb2 Ne6 21. Bb3 Bg7
22. Re3 Bh6 23. Rd3 Ndc5 24. Bxc5 bxc5 25. Nc4 Qe7 26. Nb6 c4 27. Nxc8 Rxc8 28.
Rc3 cxb3 29. Rxc8+ Bxc8 30. Qxb3 Bb7 31. Qc3 Bf8 32. Qxa5 d4 33. Qa7 Qd7 34. b6
Qc6 35. h4 d3 36. Rd1 Nf4 37. a5 Nxg2 38. a6 Qxf3 39. Rxd3 Qxd3 40. axb7 Nf4
41. b8=Q Qh3 0-1

[Event "Aeroflot Open 2007"]
[Site "Moscú RUS"]
[Date "2007.02.15"]
[Round "2.33"]
[White "Balogh, Csaba"]
[Black "Mamedov, Rauf"]
[Result "1-0"]
[WhiteElo "2616"]
[BlackElo "2566"]
[PlyCount "75"]
[EventDate "2007.02.14"]
[EventType "swiss"]
[EventRounds "9"]
[EventCountry "RUS"]
[Source "lmi"]
[SourceDate "2007.02.13"]

1. e4 c5 2. Nf3 Nc6 3. d4 cxd4 4. Nxd4 Nf6 5. Nc3 e5 6. Ndb5 d6 7. Bg5 a6 8.
Na3 b5 9. Nd5 Be7 10. Bxf6 Bxf6 11. c4 b4 12. Nc2 Rb8 13. g3 O-O 14. b3 g6 15.
Nxf6+ Qxf6 16. Bg2 Qe7 17. O-O a5 18. Qd3 Bb7 19. Rfd1 Rbd8 20. a3 bxa3 21.
Nxa3 f5 22. Nb5 Nb4 23. Qe2 fxe4 24. Bxe4 Bxe4 25. Qxe4 d5 26. Qe2 Qc5 27. Rxa5
d4 28. Ra7 d3 29. Qd2 Rf3 30. Rc7 Qb6 31. Rf1 Na6 32. Ra7 Nc5 33. b4 Nd7 34.
Qa2 Kh8 35. Rxd7 Rxg3+ 36. hxg3 Rxd7 37. Qa8+ Kg7 38. Qe8 1-0

[Event "Aeroflot Open 2007"]
[Site "Moscú RUS"]
[Date "2007.02.15"]
[Round "2.37"]
[White "Grigoriants, Sergey"]
[Black "Shaposhnikov, Evgeny"]
[Result "1-0"]
[WhiteElo "2592"]
[BlackElo "2554"]
[PlyCount "171"]
[EventDate "2007.02.14"]
[EventType "swiss"]
[EventRounds "9"]
[EventCountry "RUS"]
[Source "lmi"]
[SourceDate "2007.02.13"]

1. e4 c5 2. Nf3 e6 3. d4 cxd4 4. Nxd4 a6 5. Bd3 Bc5 6. Nb3 Ba7 7. O-O Nc6 8.
Qe2 Nge7 9. Be3 Bxe3 10. Qxe3 d6 11. c4 O-O 12. Nc3 e5 13. Rfd1 Be6 14. Bf1 Qb8
15. Nd5 b5 16. Rac1 bxc4 17. Nxe7+ Nxe7 18. Bxc4 Bxc4 19. Rxc4 a5 20. Qd2 Qb6
21. Ra4 Nc6 22. Qc3 Rfd8 23. Rd5 Rac8 24. Qe3 Qxe3 25. fxe3 Rb8 26. Rd2 Rb5 27.
Rc2 Nb4 28. Rc3 d5 29. a3 Na2 30. Rd3 f5 31. Rxa5 fxe4 32. Rxb5 exd3 33. Kf2
Rc8 34. Rxd5 Rb8 35. Nd2 e4 36. Nxe4 Rxb2+ 37. Kf3 Nc1 38. a4 Rb8 39. Nc5 Rf8+
40. Kg4 Ra8 41. Rd4 Ra5 42. Ne6 h6 43. Nf4 Ne2 44. Rd8+ Kh7 45. Nxd3 Rxa4+ 46.
Kf3 Ra2 47. h4 Ng1+ 48. Kg3 Rd2 49. Rd7 Ne2+ 50. Kf3 Ng1+ 51. Kg3 Ne2+ 52. Kh2
Nc3 53. Nc5 Rxd7 54. Nxd7 Kg6 55. Kg3 Kf5 56. Kf3 h5 57. Nc5 g5 58. e4+ Kf6 59.
Nd7+ Ke6 60. Nc5+ Kf6 61. g3 gxh4 62. gxh4 Ke5 63. Nd3+ Kd4 64. Nf2 Na4 65. Nh1
Nc3 66. Ng3 Ke5 67. Ke3 Nd1+ 68. Ke2 Nc3+ 69. Kf3 Nb1 70. Ke3 Nc3 71. Kf3 Nb1
72. Nf1 Nc3 73. Nd2 Kd4 74. Kf4 Ne2+ 75. Kf5 Kd3 76. e5 Nd4+ 77. Kg5 Kxd2 78.
Kxh5 Nf3 79. e6 Nd4 80. e7 Nf5 81. e8=Q Ng7+ 82. Kg6 Nxe8 83. h5 Nc7 84. Kf7
Nb5 85. h6 Nd6+ 86. Kg6 1-0

[Event "Aeroflot Open 2007"]
[Site "Moscú RUS"]
[Date "2007.02.15"]
[Round "2.38"]
[White "Evdokimov, Alexander A"]
[Black "Petrosian, Tigran L"]
[Result "1-0"]
[WhiteElo "2531"]
[BlackElo "2592"]
[PlyCount "41"]
[EventDate "2007.02.14"]
[EventType "swiss"]
[EventRounds "9"]
[EventCountry "RUS"]
[Source "lmi"]
[SourceDate "2007.02.13"]

1. d4 Nf6 2. c4 g6 3. Nc3 d5 4. cxd5 Nxd5 5. g3 Bg7 6. Bg2 Nxc3 7. bxc3 c5 8.
e3 Qa5 9. Ne2 cxd4 10. exd4 e5 11. O-O exd4 12. Nxd4 O-O 13. Be3 Nd7 14. Qb3
Nb6 15. Rab1 Qa6 16. Rfc1 Nc4 17. Bf4 Ne5 18. Re1 Qa5 19. Bd5 Nd3 20. Bxf7+
Rxf7 21. Re7 1-0

[Event "Aeroflot Open 2007"]
[Site "Moscú RUS"]
[Date "2007.02.15"]
[Round "2.40"]
[White "Berg, Emanuel"]
[Black "Li, Shilong"]
[Result "0-1"]
[WhiteElo "2586"]
[BlackElo "2531"]
[PlyCount "110"]
[EventDate "2007.02.14"]
[EventType "swiss"]
[EventRounds "9"]
[EventCountry "RUS"]
[Source "lmi"]
[SourceDate "2007.02.13"]

1. e4 c5 2. Nf3 d6 3. d4 cxd4 4. Nxd4 Nf6 5. Nc3 g6 6. Be3 Bg7 7. f3 Nc6 8. Qd2
O-O 9. Bc4 Bd7 10. Bb3 Rc8 11. O-O-O Ne5 12. Kb1 Re8 13. h4 h5 14. Bh6 Qa5 15.
g4 Rxc3 16. Bxg7 Kxg7 17. bxc3 Rc8 18. g5 Ne8 19. f4 Nc4 20. Bxc4 Rxc4 21. e5
Nc7 22. Qd3 d5 23. Kb2 Nb5 24. Nxb5 Qxb5+ 25. Ka1 Qa5 26. Rb1 Bf5 27. Qe3 Rxc3
28. Qd2 Qc5 29. Rhc1 d4 30. Rxb7 d3 31. Rb3 Rxc2 32. Rxc2 dxc2 33. Kb2 Qg1 34.
Rc3 a5 35. Rxc2 Qb6+ 36. Kc1 a4 37. Rb2 Qg1+ 38. Qd1 Qc5+ 39. Rc2 Qa3+ 40. Kd2
Qg3 41. Rc7 Qxf4+ 42. Kc3 Qg3+ 43. Kb4 Qxh4+ 44. Ka5 Qxg5 45. Qxa4 Be6 46. Qd4
h4 47. a4 h3 48. Rc2 Qg3 49. Qb2 g5 50. Kb6 Qb3+ 51. Qxb3 Bxb3 52. Rh2 g4 53.
a5 Be6 54. a6 g3 55. a7 g2 0-1

[Event "Aeroflot Open 2007"]
[Site "Moscú RUS"]
[Date "2007.02.15"]
[Round "2.41"]
[White "Kosintseva, Nadezhda"]
[Black "Khairullin, Ildar"]
[Result "1/2-1/2"]
[WhiteElo "2496"]
[BlackElo "2586"]
[PlyCount "46"]
[EventDate "2007.02.14"]
[EventType "swiss"]
[EventRounds "9"]
[EventCountry "RUS"]
[Source "lmi"]
[SourceDate "2007.02.13"]

1. e4 c5 2. Nf3 d6 3. d4 cxd4 4. Nxd4 Nf6 5. Nc3 a6 6. Be3 e5 7. Nf3 Qc7 8. a4
Be7 9. a5 O-O 10. Be2 Nc6 11. Bb6 Qd7 12. Nd2 Nb4 13. Nc4 d5 14. Nxe5 Qd6 15.
f4 d4 16. Na4 Nxe4 17. O-O Bf5 18. g4 Be6 19. Bd3 f5 20. Qe2 Bd5 21. gxf5 Nxd3
22. cxd3 Nf6 23. Rac1 Rac8 1/2-1/2

[Event "Aeroflot Open 2007"]
[Site "Moscú RUS"]
[Date "2007.02.15"]
[Round "2.42"]
[White "Azarov, Sergei"]
[Black "Li, Chao(b)"]
[Result "0-1"]
[WhiteElo "2583"]
[BlackElo "2504"]
[PlyCount "96"]
[EventDate "2007.02.14"]
[EventType "swiss"]
[EventRounds "9"]
[EventCountry "RUS"]
[Source "lmi"]
[SourceDate "2007.02.13"]

1. e4 c5 2. Nf3 d6 3. d4 cxd4 4. Nxd4 Nf6 5. Nc3 a6 6. Be2 e5 7. Nb3 Be7 8. O-O
O-O 9. Kh1 b5 10. a4 Bb7 11. Nd5 b4 12. Nxe7+ Qxe7 13. f3 a5 14. Bg5 Nbd7 15.
c3 bxc3 16. bxc3 h6 17. Bh4 Rfc8 18. Bb5 Nb6 19. Qd3 d5 20. exd5 Nbxd5 21. c4
Nf4 22. Qf5 g5 23. Bg3 N6h5 24. Rad1 Rd8 25. Rxd8+ Rxd8 26. Nxa5 e4 27. Nc6
Bxc6 28. Bxc6 Nxg3+ 29. hxg3 Ne2 30. Kh2 Qc7 31. f4 Qxc6 32. fxg5 Qg6 33. Qxg6+
fxg6 34. a5 Nc3 35. Re1 Re8 36. Re3 Nd1 37. Re1 Nf2 38. a6 e3 39. Kg1 Ng4 40.
c5 Ra8 41. c6 Rxa6 42. Rc1 Ra8 43. c7 Rc8 44. Kf1 h5 45. Ke2 Kf7 46. Rc6 Ke8
47. Re6+ Kd7 48. Rxg6 Kxc7 0-1

[Event "Aeroflot Open 2007"]
[Site "Moscú RUS"]
[Date "2007.02.15"]
[Round "2.43"]
[White "Kurnosov, Igor"]
[Black "Lahno, Kateryna"]
[Result "1/2-1/2"]
[WhiteElo "2580"]
[BlackElo "2456"]
[PlyCount "119"]
[EventDate "2007.02.14"]
[EventType "swiss"]
[EventRounds "9"]
[EventCountry "RUS"]
[Source "lmi"]
[SourceDate "2007.02.13"]

1. e4 e5 2. Nc3 Nf6 3. g3 d5 4. exd5 Nxd5 5. Bg2 Be6 6. Nf3 Nc6 7. O-O Be7 8.
Re1 Bf6 9. Nxd5 Bxd5 10. d4 Bxf3 11. Bxf3 O-O 12. dxe5 Qxd1 13. Rxd1 Bxe5 14.
Be3 a6 15. c3 Rad8 16. Kf1 Rxd1+ 17. Rxd1 Rd8 18. Ke2 Rxd1 19. Kxd1 Nd8 20. Kc2
Kf8 21. a4 Ke7 22. a5 c6 23. Bg4 Ne6 24. f4 Bd6 25. b4 Bc7 26. f5 Nd8 27. Kb3
f6 28. Be2 Nf7 29. Bc5+ Bd6 30. Bb6 Nh6 31. Bd3 Ng4 32. Bg1 Ne5 33. Be4 Bc7 34.
c4 Kd7 35. h3 Nf7 36. Bf2 Ne5 37. Be1 Kc8 38. g4 Nd7 39. Bd3 Ne5 40. Be2 Nd7
41. Ka4 Bd6 42. Bf2 Kc7 43. Be3 h6 44. Bf2 Kc8 45. Kb3 Kc7 46. Kc3 Be5+ 47. Kd3
Kd6 48. Be1 Kc7 49. Ke4 Kd6 50. Ke3 Kc7 51. Bf3 Kd6 52. Bd2 Bg3 53. Ke4 Ne5 54.
Be2 Kc7 55. Bd3 Nf7 56. Bf1 Bd6 57. Be1 Ng5+ 58. Ke3 Nf7 59. Be2 Ng5 60. Bf1
1/2-1/2

[Event "Aeroflot Open 2007"]
[Site "Moscú RUS"]
[Date "2007.02.16"]
[Round "3.1"]
[White "Predojevic, Borki"]
[Black "Areshchenko, Alexander"]
[Result "1/2-1/2"]
[WhiteElo "2587"]
[BlackElo "2644"]
[PlyCount "27"]
[EventDate "2007.02.14"]
[EventType "swiss"]
[EventRounds "9"]
[EventCountry "RUS"]
[Source "lmi"]
[SourceDate "2007.02.13"]

1. Nf3 Nf6 2. c4 g6 3. Nc3 Bg7 4. e4 d6 5. d4 O-O 6. Be2 Na6 7. O-O e5 8. Be3
h6 9. h3 exd4 10. Bxd4 Re8 11. Bd3 c6 12. Re1 Nc5 13. Qd2 Nxd3 14. Qxd3 1/2-1/2

[Event "Aeroflot Open 2007"]
[Site "Moscú RUS"]
[Date "2007.02.16"]
[Round "3.3"]
[White "Novikov, Stanislav"]
[Black "Minasian, Artashes"]
[Result "1/2-1/2"]
[WhiteElo "2535"]
[BlackElo "2595"]
[PlyCount "128"]
[EventDate "2007.02.14"]
[EventType "swiss"]
[EventRounds "9"]
[EventCountry "RUS"]
[Source "lmi"]
[SourceDate "2007.02.13"]

1. e4 c6 2. d4 d5 3. f3 e6 4. Be3 Qb6 5. Nd2 Qxb2 6. Bd3 Qa3 7. Ne2 c5 8. dxc5
Bxc5 9. Nd4 a6 10. exd5 e5 11. Qe2 Ne7 12. N4b3 Bxe3 13. Qxe3 Nxd5 14. Qxe5+
Qe7 15. Qxe7+ Kxe7 16. Kf2 Rd8 17. Rhe1+ Kf8 18. Nc4 b5 19. Nca5 Nc3 20. Nc5
Ra7 21. a4 Rc7 22. Nab3 Nd7 23. Nxd7+ Bxd7 24. axb5 Bxb5 25. Bxb5 axb5 26. g4
Nd5 27. Nd4 Nf4 28. Re4 g5 29. h4 Rc4 30. Rd1 h6 31. hxg5 hxg5 32. Ke1 Rd5 33.
Rd2 Ra4 34. Kf2 Rc4 35. Ke1 Ra4 36. Kf2 Ra1 37. Re1 Ra3 38. Re4 Rc3 39. Ke1 Rc4
40. Nf5 Rxd2 41. Kxd2 Rc5 42. Rd4 Nd5 43. Nd6 Nf6 44. c3 Ke7 45. Nf5+ Ke6 46.
Rb4 Nd5 47. Rxb5 Rxb5 48. Nd4+ Ke5 49. Nxb5 f5 50. gxf5 Kxf5 51. c4 Nb4 52.
Nd4+ Ke5 53. Ke3 Na6 54. Nc2 Kf5 55. Ne1 Nb4 56. c5 g4 57. fxg4+ Kxg4 58. Ke4
Kg5 59. Ke5 Kg6 60. Ke6 Kg7 61. Nf3 Kf8 62. Kd7 Na6 63. c6 Nb8+ 64. Kc7 Nxc6
1/2-1/2

[Event "Aeroflot Open 2007"]
[Site "Moscú RUS"]
[Date "2007.02.16"]
[Round "3.5"]
[White "Ehlvest, Jaan"]
[Black "Akopian, Vladimir"]
[Result "1/2-1/2"]
[WhiteElo "2610"]
[BlackElo "2700"]
[PlyCount "127"]
[EventDate "2007.02.14"]
[EventType "swiss"]
[EventRounds "9"]
[EventCountry "RUS"]
[Source "lmi"]
[SourceDate "2007.02.13"]

1. d4 d5 2. c4 c6 3. Nc3 Nf6 4. e3 e6 5. Nf3 Nbd7 6. Qc2 Bd6 7. Be2 O-O 8. O-O
dxc4 9. Bxc4 Qe7 10. Ne2 Nb6 11. Bb3 e5 12. dxe5 Bxe5 13. Nxe5 Qxe5 14. f3 a5
15. a4 Nbd5 16. e4 Nb4 17. Qc3 Nd7 18. Be3 Qxc3 19. bxc3 Na6 20. Nd4 Ndc5 21.
Bc4 Re8 22. Rfd1 g6 23. Kf2 Nd7 24. Nb3 Nc7 25. Be2 Ne5 26. Bb6 Ne6 27. Bf1 Nd7
28. Be3 f5 29. exf5 gxf5 30. Rab1 Ne5 31. c4 f4 32. Bd2 Rd8 33. Kg1 b6 34. Bc3
Rxd1 35. Rxd1 Nd7 36. Rd6 Kf7 37. Rxc6 Bb7 38. Rd6 Ke7 39. Rd1 Bc6 40. Re1 Bxa4
41. Nd4 Ndc5 42. Bd3 h5 43. Nxe6 Nxd3 44. Nc7+ Nxe1 45. Nxa8 Nd3 46. Nxb6 Bc6
47. Bxa5 Kd6 48. Nd5 Bxd5 49. cxd5 Kxd5 50. Kf1 Ke6 51. Bc7 Kf5 52. Ke2 Nb4 53.
Bd6 Nd5 54. Bc5 Nc7 55. Kd3 Ne6 56. Bd6 Nd8 57. Kd4 Nf7 58. Kd5 Nh8 59. Bc5 Ng6
60. Bf2 Ne5 61. Kd4 Nc6+ 62. Kd5 Ne5 63. Be1 Ng6 64. Kd4 1/2-1/2

[Event "Aeroflot Open 2007"]
[Site "Moscú RUS"]
[Date "2007.02.16"]
[Round "3.10"]
[White "Gashimov, Vugar"]
[Black "Svetushkin, Dmitry"]
[Result "1/2-1/2"]
[WhiteElo "2658"]
[BlackElo "2588"]
[PlyCount "120"]
[EventDate "2007.02.14"]
[EventType "swiss"]
[EventRounds "9"]
[EventCountry "RUS"]
[Source "lmi"]
[SourceDate "2007.02.13"]

1. e4 e5 2. Nf3 Nc6 3. Bb5 a6 4. Ba4 Nf6 5. O-O Nxe4 6. d4 b5 7. Bb3 d5 8. dxe5
Be6 9. c3 Be7 10. Re1 O-O 11. Nd4 Qe8 12. Bc2 Nxd4 13. cxd4 f5 14. f3 Ng5 15.
Nc3 Nf7 16. Be3 Nh8 17. Qd2 Qh5 18. Ne2 g5 19. f4 g4 20. Bd3 Qe8 21. Rec1 Qd7
22. Qc3 Ra7 23. Qc6 Nf7 24. a4 b4 25. Bxa6 Qxc6 26. Rxc6 Nd8 27. Rxe6 Nxe6 28.
Bb5 c5 29. dxc5 Bxc5 30. Bxc5 Nxc5 31. Nd4 Rc8 32. Kf2 Kf7 33. Ke3 Ne6 34. Nxf5
Rc2 35. Nd6+ Ke7 36. f5 Rac7 37. fxe6 Kxe6 38. Bd3 Rxb2 39. Nb5 Kxe5 40. Rf1
Re7 41. Rf5+ Ke6 42. Kd4 Rxg2 43. Kc5 Rf7 44. Nd4+ Ke7 45. Rh5 b3 46. a5 Rd2
47. Re5+ Kf6 48. Rf5+ Ke7 49. Nc6+ Ke8 50. Rxd5 Rd7 51. Rxd7 Kxd7 52. a6 Kc7
53. Nb4 b2 54. Be4 Rd1 55. Nd5+ Kb8 56. Nc3 Re1 57. Bxh7 Ka7 58. Kb4 Rh1 59.
Bf5 Kxa6 60. Kb3 Rxh2 1/2-1/2

[Event "Aeroflot Open 2007"]
[Site "Moscú RUS"]
[Date "2007.02.16"]
[Round "3.16"]
[White "Sadvakasov, Darmen"]
[Black "Maslak, Konstantin"]
[Result "1/2-1/2"]
[WhiteElo "2615"]
[BlackElo "2539"]
[PlyCount "53"]
[EventDate "2007.02.14"]
[EventType "swiss"]
[EventRounds "9"]
[EventCountry "RUS"]
[Source "lmi"]
[SourceDate "2007.02.13"]

1. e4 e6 2. d4 d5 3. Nc3 dxe4 4. Nxe4 Nd7 5. Nf3 Ngf6 6. Bg5 h6 7. Nxf6+ Nxf6
8. Be3 Nd5 9. Qd2 Bb4 10. c3 Bd6 11. O-O-O Qe7 12. Ne5 Bd7 13. f4 Ba4 14. Re1
O-O-O 15. Bc4 Nxe3 16. Qxe3 Kb8 17. Bb3 Bxb3 18. axb3 c5 19. dxc5 Bxc5 20. Qg3
Bd6 21. Rhf1 g6 22. Qe3 Qc7 23. Nc4 Rd7 24. Rd1 Rhd8 25. Kc2 Qc6 26. Qf3 Qxf3
27. Rxf3 1/2-1/2

[Event "Aeroflot Open 2007"]
[Site "Moscú RUS"]
[Date "2007.02.16"]
[Round "3.17"]
[White "Ivanov, Alexander"]
[Black "Alekseev, Evgeny"]
[Result "0-1"]
[WhiteElo "2577"]
[BlackElo "2661"]
[PlyCount "112"]
[EventDate "2007.02.14"]
[EventType "swiss"]
[EventRounds "9"]
[EventCountry "RUS"]
[Source "lmi"]
[SourceDate "2007.02.13"]

1. e4 c5 2. Nf3 Nc6 3. Bb5 d6 4. Bxc6+ bxc6 5. O-O e5 6. c3 Nf6 7. Re1 Bg4 8.
d4 cxd4 9. cxd4 Nd7 10. Be3 Be7 11. Nbd2 exd4 12. Bxd4 O-O 13. h3 Be6 14. Bc3
Nb6 15. Nd4 Bd7 16. b3 Re8 17. Qf3 Bf8 18. Nf5 Qg5 19. h4 Qg6 20. h5 Qg5 21.
Qh3 Nd5 22. Nf3 Bxf5 23. exf5 Qd8 24. Bb2 Rxe1+ 25. Nxe1 Be7 26. Nd3 Bf6 27.
Bxf6 Qxf6 28. Re1 Kf8 29. Qf3 Re8 30. Rxe8+ Kxe8 31. Qe4+ Kd8 32. Kh2 Qc3 33.
g3 Nf6 34. Qf3 Kd7 35. Kg2 Qd4 36. Nf4 d5 37. Ne2 Qe5 38. Nc1 Kd6 39. Nd3 Qe4
40. Qxe4 dxe4 41. Nb2 Nxh5 42. Nc4+ Kd5 43. f3 Nf6 44. fxe4+ Nxe4 45. Kf3 Nd6
46. Ne3+ Kd4 47. g4 Ke5 48. Nc2 c5 49. b4 c4 50. a4 h5 51. gxh5 Nxf5 52. Na3
Kd4 53. a5 Nd6 54. Ke2 Kc3 55. b5 Kb4 56. b6 a6 0-1

[Event "Aeroflot Open 2007"]
[Site "Moscú RUS"]
[Date "2007.02.16"]
[Round "3.24"]
[White "Sutovsky, Emil"]
[Black "Andriasian, Zaven"]
[Result "0-1"]
[WhiteElo "2629"]
[BlackElo "2508"]
[PlyCount "56"]
[EventDate "2007.02.14"]
[EventType "swiss"]
[EventRounds "9"]
[EventCountry "RUS"]
[Source "lmi"]
[SourceDate "2007.02.13"]

1. e4 c5 2. Nc3 d6 3. Nf3 Nf6 4. d4 cxd4 5. Nxd4 a6 6. Bc4 e6 7. Bb3 Nbd7 8.
Bg5 Nc5 9. f4 Be7 10. Qf3 Qc7 11. O-O b5 12. f5 b4 13. fxe6 bxc3 14. exf7+ Kf8
15. Rae1 Nxb3 16. axb3 cxb2 17. Kh1 Rb8 18. Bh6 gxh6 19. Qf4 Ng4 20. Nf5 Bxf5
21. exf5 Nf6 22. Re6 Rb5 23. g4 Kxf7 24. Qxh6 Qc6+ 25. Kg1 Rg8 26. g5 Qc5+ 27.
Kh1 Qd5+ 28. Kg1 Qxf5 0-1

[Event "Aeroflot Open 2007"]
[Site "Moscú RUS"]
[Date "2007.02.16"]
[Round "3.27"]
[White "Efimenko, Zahar"]
[Black "Vijayalakshmi, Subbaraman"]
[Result "1-0"]
[WhiteElo "2616"]
[BlackElo "2459"]
[PlyCount "87"]
[EventDate "2007.02.14"]
[EventType "swiss"]
[EventRounds "9"]
[EventCountry "RUS"]
[Source "lmi"]
[SourceDate "2007.02.13"]

1. e4 e5 2. Nf3 Nc6 3. Bb5 a6 4. Ba4 Nf6 5. d3 d6 6. c3 g6 7. Nbd2 Bg7 8. Nf1
Bd7 9. Bg5 h6 10. Bh4 Ne7 11. Bc2 c6 12. Ne3 Qc7 13. Qd2 Be6 14. d4 O-O 15. O-O
Rae8 16. Rad1 Ng4 17. Rfe1 Nxe3 18. Qxe3 Bg4 19. h3 exd4 20. cxd4 Nf5 21. Qd3
Bxf3 22. exf5 Bxd1 23. Rxd1 Qa5 24. fxg6 Re1+ 25. Rxe1 Qxe1+ 26. Kh2 f5 27.
Qb3+ d5 28. Qxb7 Qd2 29. Qxc6 Qxd4 30. Bg3 Kh8 31. Qxa6 Qxb2 32. Qd3 f4 33. Bh4
Qc3 34. Qe2 Qe5 35. Qf3 d4 36. Bd3 Re8 37. a4 Qa5 38. Qc6 Qe5 39. a5 Re6 40.
Qb7 Re8 41. a6 f3+ 42. Bg3 Qe7 43. Bb5 d3 44. Bxe8 1-0

[Event "Aeroflot Open 2007"]
[Site "Moscú RUS"]
[Date "2007.02.16"]
[Round "3.33"]
[White "Volokitin, Andrei"]
[Black "Kuzubov, Yuriy"]
[Result "1-0"]
[WhiteElo "2645"]
[BlackElo "2554"]
[PlyCount "53"]
[EventDate "2007.02.14"]
[EventType "swiss"]
[EventRounds "9"]
[EventCountry "RUS"]
[Source "lmi"]
[SourceDate "2007.02.13"]

1. e4 c5 2. Nf3 Nc6 3. d4 cxd4 4. Nxd4 Nf6 5. Nc3 e5 6. Nf5 d5 7. exd5 Bxf5 8.
dxc6 bxc6 9. Qf3 Qd7 10. Bg5 e4 11. Qd1 Qc7 12. Bxf6 gxf6 13. Qd4 Qe5 14. Qa4
Rc8 15. Ba6 Rc7 16. Rd1 Bd6 17. Nd5 O-O 18. Nxc7 Bxc7 19. Qxc6 e3 20. f3 Qxb2
21. Qxc7 Bxc2 22. Qg3+ Kh8 23. Qd6 Qc3+ 24. Kf1 Rg8 25. Re1 Qd2 26. Qxf6+ Rg7
27. Be2 1-0

[Event "Aeroflot Open 2007"]
[Site "Moscú RUS"]
[Date "2007.02.16"]
[Round "3.35"]
[White "Anastasian, Ashot"]
[Black "Zhou, Jianchao"]
[Result "0-1"]
[WhiteElo "2587"]
[BlackElo "2551"]
[PlyCount "76"]
[EventDate "2007.02.14"]
[EventType "swiss"]
[EventRounds "9"]
[EventCountry "RUS"]
[Source "lmi"]
[SourceDate "2007.02.13"]

1. c4 c5 2. Nc3 Nc6 3. Nf3 e5 4. g3 g6 5. Bg2 Bg7 6. O-O Nge7 7. Ne1 d6 8. Nc2
O-O 9. Rb1 a5 10. a3 Be6 11. d3 d5 12. cxd5 Nxd5 13. Ne3 Nde7 14. Nc4 Rb8 15.
Bg5 f6 16. Be3 Nd4 17. f4 b5 18. Nd2 f5 19. Rc1 a4 20. Nf3 exf4 21. Bxf4 Rb6
22. Kh1 Bb3 23. Qd2 Qd7 24. Bh6 Nxf3 25. Bxf3 Bxh6 26. Qxh6 Nc6 27. Bg2 Qd6 28.
e4 b4 29. Ne2 Ne5 30. axb4 cxb4 31. exf5 Nxd3 32. f6 Qd7 33. f7+ Rxf7 34. Rxf7
Bxf7 35. Rf1 a3 36. bxa3 bxa3 37. Nc3 Qd4 38. Rxf7 Kxf7 0-1